Statistiche per Indovina la regione italiana dall' immagine

Clicka qui per fare il quiz!

Statistiche generali

  • Questo quiz è stato fatto 49 volte
  • Il punteggio medio è 15 su 20

Statistiche sulle risposte

Risposta% Corretto
Lazio
98%
Lombardia
98%
Toscana
98%
Veneto
98%
Sicilia
95%
Puglia
88%
Basilicata
86%
Campania
84%
Liguria
84%
Umbria
81%
Sardegna
79%
Valle d'Aosta
74%
Calabria
72%
Trentino-Alto Adige
70%
Piemonte
67%
Marche
60%
Molise
58%
Friuli-Venezia Giulia
56%
Abruzzo
49%
Emilia-Romagna
49%

Distribuzione punteggi

Percentile per numero di risposta

Percentuale di utenti per punteggio

I tuoi punteggi nel tempo

Non hai fatto questo quiz